| 000 | 00779nam a2200205 a 4500 | ||
|---|---|---|---|
| 001 | 000022485 | ||
| 005 | 20200930021633.0 | ||
| 008 | 101012s1998 dr 001 0 spa d | ||
| 020 | _a8460576385 | ||
| 040 |
_aDO-SdBNP _bspa _cBNPHU |
||
| 100 | 1 |
_aErrasti, Mariano _933914 |
|
| 245 | 1 | 4 |
_aLos primeros franciscanos en América : _bIsla Española 1493-1520 / _cErrasti, Mariano ; presentación Manuel García Arévalo. |
| 260 |
_aSanto Domingo : _bFundación García Arávalo, _c1998. |
||
| 300 |
_a278 p. : _bil. ; _c23 cm. |
||
| 490 | 1 |
_aInvestigación _vno. 18 |
|
| 500 | _aIncluye datos biográficos del autor en la contracubierta | ||
| 500 | _aIncluye referencias bibliográficas y notas al pie de las páginas | ||
| 700 | 1 |
_aGarcía Arévalo, Mauel _946330 |
|
| 049 | _aBNPD | ||
| 999 |
_c21983 _d21983 |
||